000 00308nam a2200133Ia 4500
008 191206s9999 xx 000 0 und d
020 _a684803046
090 _aPS35730583
245 0 _aAmerican knees
260 _aSimon & Schuster
260 _ccc1995
300 _a240 p. ; 23 cm.
999 _c15448
_d15448